| 000 | 01107nam a2200253 a 4500 | ||
|---|---|---|---|
| 003 | MX-MxUPN | ||
| 005 | 20241001063948.0 | ||
| 008 | 991125s1918 es 000 0 spa u | ||
| 035 | _aUPN01000049863 | ||
| 040 |
_aMX-MxUPN _bspa _cMX-MxUPN |
||
| 041 | 1 |
_aspa _hger |
|
| 050 | 1 | 4 |
_aLC4601 _bD468 1918 |
| 100 | 1 |
_aDemoor, Jean, _d1867-1941 _930721 |
|
| 245 | 1 | 4 |
_aLos niños anormales y su tratamiento educativo en la casa y en la escuela : _bpsiquiatría infantil / _cJuan Demoor ; traducción directa del alemán por María del Pilar Oñate. |
| 260 |
_aMadrid : _bFrancisco Beltrán, _c1918. |
||
| 300 |
_a261 páginas ; _c22 cm. |
||
| 490 | 1 | _aActualidades pedagógicas. Biblioteca moderna de filosofía y ciencias sociales | |
| 830 | 0 |
_aActualidades pedagógicas. _pBiblioteca moderna de filosofía y ciencias sociales |
|
| 650 | 4 |
_aNiños con discapacidad mental _xEducación _93028 |
|
| 650 | 4 |
_aPsiquiatría infantil _99358 |
|
| 700 | 1 |
_aOñate, María del Pilar _etraducción |
|
| 710 | 2 |
_aInstituto Nacional de Investigación Educativa (México) _epropietario anterior _928086 |
|
| 942 |
_2lcc _cLIBRO |
||
| 999 |
_c49863 _d49863 |
||